Catalysis and chemical processes /

Bibliographic Details
Other Authors: Pearce, R. (Ronald), Patterson, W. R. (William R.)
Format: Book
Language:English
Published: New York : Wiley, 1981.
Subjects:

MARC

Tag First Indicator Second Indicator Subfields
LEADER 00000cam a22000008a 4500
001 in00000083843
005 20151008054322.0
008 810707s1981 nyua b 00100 eng
010 |a  81006694  
020 |a 0470272112 
035 |a (OCoLC)07614319 
035 |9 AAJ0309AM 
039 0 |a 2  |b 3  |c 3  |d 3  |e 3 
040 |a DLC  |c DLC  |d TXA  |d UtOrBLW 
049 |a TXAM  |c [1561012] 
050 0 0 |a TP156.C35  |b C373 
082 0 |a 660.2/995  |2 19 
245 0 0 |a Catalysis and chemical processes /  |c editors, R. Pearce, W.R. Patterson. 
263 |a 8110 
264 1 |a New York :  |b Wiley,  |c 1981. 
300 |a xix, 348 pages :  |b illustrations ;  |c 24 cm. 
336 |a text  |b txt  |2 rdacontent 
337 |a unmediated  |b n  |2 rdamedia 
338 |a volume  |b nc  |2 rdacarrier 
500 |a "A Halsted Press book." 
504 |a Includes bibliographical references and index. 
650 0 |a Catalysis. 
650 0 |a Chemical processes. 
700 1 |a Pearce, R.  |q (Ronald) 
700 1 |a Patterson, W. R.  |q (William R.) 
999 |a MARS 
999 f f |s dc9e2e9b-27e2-3b2e-a63a-9ad94dcf69e0  |i abb96af6-6a21-3c42-bda5-50117149d855  |t 0 
952 f f |p ric  |a Texas A&M University  |b Rellis Campus  |c Joint Library Facility  |d Remote Storage  |t 0  |e TP156.C35 C373  |h Library of Congress classification  |i unmediated -- volume  |m A14806256127 
998 f f |a TP156.C35 C373  |t 0  |l Remote Storage